01796nam a2200397Ia 4500001001200000003000800012006001900020007001500039008004100054010001700095020003600112020003900148020001800187040002100205035002100226050002300247082001700270100002900287245022900316260005600545300003000601490002300631500015100654504005100805533015200856650003201008650002801040650001901068655002901087700002901116710001701145710004301162800005001205856012601255999001701381ebr10675753CaPaEBRm u cr cn|||||||||090203s2010 cauag sb s001 0 eng d z 2009004264 z0520248554 (cloth : alk. paper) z9780520248557 (cloth : alk. paper) z9780520944480 aCaPaEBRcCaPaEBR a(OCoLC)66701500014aPS1302b.F5 2010eb04a818/.4092221 aTwain, Mark,d1835-1910.10aMark Twain's book of animalsh[electronic resource] /cedited with introduction, afterword, & notes by Shelley Fisher Fishkin ; illustrations by Barry Moser ; text established by The Mark Twain Project, The Bancroft Library. aBerkeley :bUniversity of California Press,cc2010. ax, 325 p. :bill., music.1 aJumping frogs ;v3 aThe Mark Twain Project is a research and editorial project housed within the Mark Twain Papers at the Bancroft Library, Univ. of Calif., Berkeley. aIncludes bibliographical references and index. aElectronic reproduction.bPalo Alto, Calif. :cebrary,d2013.nAvailable via World Wide Web.nAccess may be limited to ebrary affiliated libraries. 0aAnimal behaviorvAnecdotes. 0aAmerican wit and humor. 0aAnimal rights. 7aElectronic books.2local1 aFishkin, Shelley Fisher.2 aebrary, Inc.2 aBancroft Library.bMark Twain Project.1 aTwain, Mark,d1835-1910.tJumping frogs ;v3.40uhttp://site.ebrary.com/lib/rucke/Doc?id=10675753zAn electronic book accessible through the World Wide Web; click to view c58283d58283